PICTORIAL GUIDE TO THE TREE AND SHRUB FLORA OF THE PALANAN DYNAMICS PLOT AND VICINITY (Registro nro. 20420)
[ vista simple ]
| 000 -CABECERA | |
|---|---|
| Campo de control | 00582nam a22001817a 4500 |
| 005 - FECHA Y HORA DE LA ULTIMA TRANSACCION | |
| Campo de control | 20191217042735.0 |
| 008 - ELEMENTOS DE LONGITUD FIJA—INFORMACION GENERAL | |
| Campo de control | 190227b xxu||||| |||| 00| 0 spa d |
| 040 ## - FUENTE DE CATALOGACIÓN | |
| Agencia catalogadora original | CO-BoIAVH |
| Agencia transcriptora | CO-BoIAVH |
| 041 ## - IDIOMA | |
| Código de idioma para texto/pista de sonido o título separado | Inglés |
| 090 ## - CLASIFICACIÓN LOCAL | |
| Colección | FG |
| Consecutivo | 0319 |
| 110 ## - ASIENTO PRINCIPAL--NOMBRE CORPORATIVO | |
| Nombre corporativo o de jurisdicción como elemento de entrada | INDERENA |
| 9 (RLIN) | 12933 |
| 245 ## - MENCION DE TITULO | |
| Título | PICTORIAL GUIDE TO THE TREE AND SHRUB FLORA OF THE PALANAN DYNAMICS PLOT AND VICINITY |
| Parte restante del título | NORTHERN SIERRA MADRE NATURAL PARK |
| 260 ## - PUBLICACION, DISTRIBUCION, ETC. (PIE DE IMPRENTA) | |
| Lugar de publicación, distribución, etc. | S.P.: |
| Nombre del editor, distribuidor, etc. | INDERENA, |
| Fecha de publicación, distribución, etc. | 1999. |
| 300 ## - DESCRIPCION FISICA | |
| Extensión | FOLLETO |
| Dimensiones | 15-23cm |
| 710 ## - ASIENTO SECUNDARIO - NOMBRE CORPORATIVO | |
| Nombre corporativo o de jurisdicción como elemento de entrada | CONSERVATION INTERNATIONAL PHILIPPINES |
| 9 (RLIN) | 101541 |
| 710 ## - ASIENTO SECUNDARIO - NOMBRE CORPORATIVO | |
| Nombre corporativo o de jurisdicción como elemento de entrada | RICOH |
| 9 (RLIN) | 101542 |
| 942 ## - ELEMENTOS ADICIONALES (KOHA) | |
| Sistema de clasificación | Local |
| Tipo de ítem | Folleto |
| Withdrawn status | Lost status | Sistema de Clasificación | Damaged status | No para préstamo | Colección | Ubicación Permanente | Ubicación actual | Fecha de adquisición | Total Checkouts | Número topográfico | Inventario / Código de Barras | Date last seen | Ejemplar | Price effective from | Forma de adquisición | Tipo de material |
|---|---|---|---|---|---|---|---|---|---|---|---|---|---|---|---|---|
| Local | Hemeroteca | Bogotá | Bogotá | 27/02/2019 | FG-0318 | 030414 | 27/02/2019 | Ej. 1 | 27/02/2019 | Donación | Folleto |